UBT Library

The psychology of wealth : (Record no. 518)

000 -LEADER
fixed length control field 01356nam a22002297a 4500
005 - DATE AND TIME OF LATEST TRANSACTION
control field 20151001095656.0
008 - FIXED-LENGTH DATA ELEMENTS--GENERAL INFORMATION
fixed length control field 111013s2012 nyu b 001 0 eng
020 ## - INTERNATIONAL STANDARD BOOK NUMBER
International Standard Book Number 9780071789295
024 #0 - OTHER STANDARD IDENTIFIER
Terms of availability eng
080 ## - UNIVERSAL DECIMAL CLASSIFICATION NUMBER
Universal Decimal Classification number 159.9
100 1# - Rafti
Rafti Richards, Charles L.
245 14 - TITLE STATEMENT
Title The psychology of wealth :
Statement of responsibility, etc Charles Richards.
250 ## -
-- 1 st.ed.;
260 ## -
-- New York :
-- McGraw-Hill,
-- 2012.
300 ## -
-- 242 f. ;
-- 23 cm.
504 ## - BIBLIOGRAPHY, ETC. NOTE
Bibliography, etc Includes bibliographical references and index. f. 233-242
505 0# -
-- How do we define wealth? -- The evolution of wealth -- Finding your dream -- Self-esteem and its influence on wealth -- The stream vs. the rock -- Value is what you get -- Redefining your perspectives -- Cycles of giving back -- I'm going through a phase -- Painting a new portrait of prosperity -- Knowing where to plant your feet -- Conclusion: the whole elephant.
520 ## -
-- In this fascinating exploration of the delicate relationship between money and the human mind, clinical psychologist Richards explains that discovering our sense of self is the key to determining our relationship with money. He contends that credit or debt can be useful tools for building personal growth--"if applied properly."
650 #0 -
-- Psikologjia
650 #0 -
-- Pasuria
942 ## - ADDED ENTRY ELEMENTS (KOHA)
Source of classification or shelving scheme
Item type Books
Holdings
Withdrawn status Lost status Source of classification or shelving scheme Damaged status Not for loan Collection code Permanent location Current location Shelving location Date acquired Total Checkouts Full call number Barcode Date last seen Koha item type Price effective from
          Koleksioni i përgjithshem UBT - Ferizaj UBT - Ferizaj Koleksioni i përgjithshem 10/10/2014   159.9 RICH 003000819 10/10/2014 Books  
          Koleksioni i përgjithshem UBT - Ferizaj UBT - Ferizaj Koleksioni i përgjithshem 10/10/2014   159.9 RICH 003000820 10/10/2014 Books  
          Koleksioni i përgjithshem UBT - Ferizaj UBT - Ferizaj Koleksioni i përgjithshem 10/10/2014   159.9 RICH 003000821 10/10/2014 Books  
          Koleksioni i përgjithshem UBT - Ferizaj UBT - Ferizaj Koleksioni i përgjithshem 10/10/2014   159.9 RICH 003000822 10/10/2014 Books  
          Koleksioni i përgjithshem UBT - Ferizaj UBT - Ferizaj Koleksioni i përgjithshem 10/10/2014   159.9 RICH 003000823 10/10/2014 Books  
          Koleksioni i përgjithshem UBT - Ferizaj UBT - Ferizaj Koleksioni i përgjithshem 10/10/2014   159.9 RICH 003000824 10/10/2014 Books  
          Koleksioni i përgjithshem UBT - Ferizaj UBT - Ferizaj Koleksioni i përgjithshem 10/10/2014   159.9 RICH 003000825 10/10/2014 Books  
          Koleksioni i përgjithshem UBT - Ferizaj UBT - Ferizaj Koleksioni i përgjithshem 10/10/2014   159.9 RICH 003000826 10/10/2014 Books  
          Koleksioni i përgjithshem UBT - Ferizaj UBT - Ferizaj Koleksioni i përgjithshem 10/10/2014   159.9 RICH 003000827 10/10/2014 Books  
          Koleksioni i përgjithshem UBT - Ferizaj UBT - Ferizaj Koleksioni i përgjithshem 10/10/2014   159.9 RICH 003000828 10/10/2014 Books  
          Koleksioni i përgjithshem UBT - Lipjan UBT - Lipjan Koleksioni i përgjithshem 05/20/2015   332.01 RIC 002-008200 05/20/2015 Books  
          Koleksioni i përgjithshem UBT - Lipjan UBT - Lipjan Koleksioni i përgjithshem 10/01/2015   332.01 RIC 002-008201 10/01/2015 Books 10/01/2015
          Koleksioni i përgjithshem UBT - Lipjan UBT - Lipjan Koleksioni i përgjithshem 10/01/2015   332.01 RIC 002-008202 10/01/2015 Books 10/01/2015
          Koleksioni i përgjithshem UBT - Lipjan UBT - Lipjan Koleksioni i përgjithshem 10/01/2015   332.01 RIC 002-008203 10/27/2017 Books 10/01/2015
          Koleksioni i përgjithshem UBT - Lipjan UBT - Lipjan Koleksioni i përgjithshem 10/27/2017   336 RIC 002-2934120 10/27/2017 Books 10/27/2017
          Koleksioni i përgjithshem UBT - Lipjan UBT - Lipjan Koleksioni i përgjithshem 10/27/2017   336 RIC 002-2934125 10/27/2017 Books 10/27/2017
          Koleksioni i përgjithshem UBT - Lipjan UBT - Lipjan Koleksioni i përgjithshem 10/27/2017   336 RIC 002-2934130 10/27/2017 Books 10/27/2017
          Koleksioni i përgjithshem UBT - Lipjan UBT - Lipjan Koleksioni i përgjithshem 10/27/2017   336 RIC 002-2934178 10/27/2017 Books 10/27/2017
          Koleksioni i përgjithshem UBT - Lipjan UBT - Lipjan Koleksioni i përgjithshem 10/27/2017   336 RIC 002-2934173 10/27/2017 Books 10/27/2017
          Koleksioni i përgjithshem UBT - Lipjan UBT - Lipjan Koleksioni i përgjithshem 10/27/2017   336 RIC 002-2934168 10/27/2017 Books 10/27/2017
          Koleksioni i përgjithshem UBT - Lipjan UBT - Lipjan Koleksioni i përgjithshem 10/27/2017   336 RIC 002-2934123 10/27/2017 Books 10/27/2017
          Koleksioni i përgjithshem UBT - Prishtine UBT - Prishtine Koleksioni i përgjithshem 05/27/2015   332.01 RIC   05/27/2015 Books 05/27/2015
UBT Library © 2015-2024. All rights reserved University Education for Business and Technology